Vista normal
Vista MARC
Entrada Materia (reunión)
Número de registros utilizados en: 1
001 - CONTROL NUMBER
- control field: 96409
003 - CONTROL NUMBER IDENTIFIER
- control field: Co-BoUCM
005 - DATE AND TIME OF LATEST TRANSACTION
- control field: 20190523154423.0
008 - FIXED-LENGTH DATA ELEMENTS
- fixed length control field: 190523|| aca||aabn | a|a d
040 ## - CATALOGING SOURCE
- Original cataloging agency: Co-BoUCM
- Transcribing agency: Co-BoUCM
111 ## - HEADING--MEETING NAME
- Meeting name or jurisdiction name as entry element: International Conference on Constitutional Law
- Location of meeting: Québec, Québec
- Date of meeting: 1987
- Number of part/section/meeting: 5
670 ## - SOURCE DATA FOUND
- Source citation: Work cat.: (Co-BoUCM)312452: International Conference on Constitutional Law Québec, Québec 1987 5, Le droit à la qualité de l'environnement, 1988